000 00301nam a22001217a 4500
999 _c4764
_d4764
008 250320b ||||| |||| 00| 0 eng d
020 _a9780241616741
082 _a823.92 FLE
100 _aFLETCHER,TOM
_eAUTHOR
245 _aTHERE'S A UNICORN IN YOUR BOOK
260 _bPuffin Books 2022
942 _2ddc